ARRUPE JESUIT UNIVERSITY

CORONAVIRUS -STOP THE SPREAD - CLEAN,DISINFECT,COVER

Machel of Mozambique / (Record no. 21842)

MARC details
000 -LEADER
fixed length control field 01014cam a2200289 a 4500
001 - CONTROL NUMBER
control field 3869848
003 - CONTROL NUMBER IDENTIFIER
control field ARRUPE
005 - DATE AND TIME OF LATEST TRANSACTION
control field 20170503112755.0
008 - FIXED-LENGTH DATA ELEMENTS--GENERAL INFORMATION
fixed length control field 890113s1988 rh af b 001 0beng
010 ## - LIBRARY OF CONGRESS CONTROL NUMBER
LC control number 88980960
020 ## - INTERNATIONAL STANDARD BOOK NUMBER
International Standard Book Number 0949225592
040 ## - CATALOGING SOURCE
Original cataloging agency DLC
Transcribing agency DLC
Modifying agency DLC
043 ## - GEOGRAPHIC AREA CODE
Geographic area code f-mz---
050 00 - LIBRARY OF CONGRESS CALL NUMBER
Classification number DT463.8.M33
Item number C47 1988
082 00 - DEWEY DECIMAL CLASSIFICATION NUMBER
Classification number 967.905/092
-- B
Edition number 20
300 ## - PHYSICAL DESCRIPTION
Other physical details ill. ;
Dimensions 21 cm.
100 1# - MAIN ENTRY--PERSONAL NAME
Personal name Christie, Iain.
9 (RLIN) 30357
245 10 - TITLE STATEMENT
Title Machel of Mozambique /
Statement of responsibility, etc Iain Christie.
260 ## - PUBLICATION, DISTRIBUTION, ETC. (IMPRINT)
Place of publication, distribution, etc Harare, Zimbabwe :
Name of publisher, distributor, etc Zimbabwe Pub. House,
Date of publication, distribution, etc 1988.
300 ## - PHYSICAL DESCRIPTION
Extent xiii, 181 p., [16] p. of plates :
504 ## - BIBLIOGRAPHY, ETC. NOTE
Bibliography, etc Includes bibliographies and index.
600 10 - SUBJECT ADDED ENTRY--PERSONAL NAME
Personal name Machel, Samora,
Dates associated with a name 1933-1986.
9 (RLIN) 30358
650 #0 - SUBJECT ADDED ENTRY--TOPICAL TERM
Topical term or geographic name as entry element Presidents
Geographic subdivision Mozambique
Form subdivision Biography.
9 (RLIN) 30359
651 #0 - SUBJECT ADDED ENTRY--GEOGRAPHIC NAME
Geographic name Mozambique
General subdivision Politics and government
Chronological subdivision 1975-1994.
9 (RLIN) 13119
906 ## - LOCAL DATA ELEMENT F, LDF (RLIN)
a 7
b cbc
c orignew
d 3
e ncip
f 19
g y-gencatlg
942 ## - ADDED ENTRY ELEMENTS (KOHA)
Source of classification or shelving scheme Library of Congress Classification
Koha item type Monograph ( Printed materials)
Holdings
Withdrawn status Lost status Source of classification or shelving scheme Damaged status Not for loan Collection code Home library Current library Shelving location Date acquired Total Checkouts Full call number Barcode Date last seen Date checked out Copy number Price effective from Koha item type
    Library of Congress Classification     Main Collection ARRUPE LIBRARY ARRUPE LIBRARY   04/03/2013 14 DT463.8.M33C47 1988 46003028767 05/05/2022 08/03/2022 1 04/03/2013 Monograph ( Printed materials)

 

Arrupe Library. PO Box MP320 Mt Pleasant, Harare, Zimbabwe
263 242 745411|librarian@aju.ac.zw